SOIL VAPOR EXTRACTION TECHNOLOGY (Registro nro. 8003)
[ vista simple ]
| 000 -LEADER | |
|---|---|
| fixed length control field | 00483nam a2200169 a 4500 |
| 001 - CONTROL NUMBER | |
| control field | 8003 |
| 005 - DATE AND TIME OF LATEST TRANSACTION | |
| control field | 20180713191917.0 |
| 008 - FIXED-LENGTH DATA ELEMENTS--GENERAL INFORMATION | |
| fixed length control field | 140415s1991 000 0 spa d |
| 041 ## - LANGUAGE CODE | |
| Language code of text/sound track or separate title | spa |
| 082 ## - DEWEY DECIMAL CLASSIFICATION NUMBER | |
| Classification number | 628.55 |
| Item number | PED |
| 100 1# - MAIN ENTRY--PERSONAL NAME | |
| Personal name | PEDERSON, TOM A. |
| 245 10 - TITLE STATEMENT | |
| Title | SOIL VAPOR EXTRACTION TECHNOLOGY |
| 260 ## - PUBLICATION, DISTRIBUTION, ETC. | |
| Place of publication, distribution, etc. | [s.l.] : |
| Name of publisher, distributor, etc. | NOYES DATA CORPORATION, |
| Date of publication, distribution, etc. | 1991 |
| 300 ## - PHYSICAL DESCRIPTION | |
| Extent | 316 |
| 650 14 - SUBJECT ADDED ENTRY--TOPICAL TERM | |
| Topical term or geographic name entry element | CONTAMINACION DE SUELOS |
| General subdivision | SANAMIENTO AMBIENTAL |
| 700 1# - ADDED ENTRY--PERSONAL NAME | |
| Personal name | CURTIS, JAMES T. |
| Relator term | coaut. |
| Withdrawn status | Lost status | Source of classification or shelving scheme | Damaged status | Not for loan | Collection code | Home library | Current library | Shelving location | Date acquired | Source of acquisition | Inventory number | Total Checkouts | Full call number | Barcode | Date last seen | Date last checked out | Price effective from | Koha item type |
|---|---|---|---|---|---|---|---|---|---|---|---|---|---|---|---|---|---|---|
| Dewey Decimal Classification | General | Biblioteca Karol Wojtyla | Biblioteca Karol Wojtyla | Sala general | 03/12/2013 | Compra | 151000000000000000012324 | 628.55 PED | 21506 | 04/03/2026 | 19/03/2015 | 03/12/2013 | Libro |